000
00292nam a2200121Ia 4500
005
20251222155050.0
008
251222s9999||||xx |||||||||||||| ||spa||
082
_a
EST. 19.3
100
_a
Inst. Nac.Estadis
245
0
_a
Compendio EstadÃstico 1993-94 Tomo 3
264
_b
INEI
942
_c
LIB
999
_c
37235
_d
37235